| 000 | 00773nam a2200229Ia 4500 | ||
|---|---|---|---|
| 003 | GCL | ||
| 008 | 140319s9999 xx 000 0 ara d | ||
| 020 | _a1122339977 | ||
| 040 |
_aGCL / _cGCL |
||
| 082 | 0 | 4 |
_a953.079 _bح ا |
| 100 | 1 | _aحازم محفوظ | |
| 245 | 1 | 0 |
_aازدهار الاسلام فى شبه القارة الهندية / _cحازم محفوظ |
| 260 |
_aالقاهرة : _bالدار الثقافية للنشر ، _c2004 |
||
| 300 |
_a176 ص ؛ _c24 سم |
||
| 650 | 0 | 4 | _aالاسلام |
| 650 | 0 | 4 | _aالاسلام والاصلاح الدينى |
| 650 | 0 | 4 | _aانتشار الاسلام |
| 650 | 0 | 4 | _aالاسلام - تاريخ |
| 650 | 0 | 4 | _aالاسلام فى الهند |
| 650 | 0 | 4 | _aالحضارة الاسلامية |
| 942 |
_2ddc _cBK |
||
| 999 |
_c6063 _d6063 |
||